Những vấn đề chung về giáo dục hòa nhập học sinh khiếm thín Tài liệu tập huấn dành cho Cán bộ quản lý và Giáo viên bậc Trung học. Tài liệu lưu hành nội bộ

Na minha lista:
Detalhes bibliográficos
Autor principal: Bùi, Thế Hợp
Outros Autores: Nguyễn, Minh Phượng, Trương, Thị Tuyết
Formato: Livro
Publicado em: Hà Nội 2019
Assuntos:
Tags: Adicionar Tag
Sem tags, seja o primeiro a adicionar uma tag!
Thư viện lưu trữ: Trung tâm Học liệu Lê Vũ Hùng, Trường Đại học Đồng Tháp
LEADER 01386pam a22002898a 4500
001 00044952
005 20191017091008.0
008 161209s2014 ||||||Chisd
020 # # |c 0 
041 0 # |a Vie 
082 1 4 |a 371.91  |b NH556V 
100 1 # |a Bùi, Thế Hợp 
245 1 0 |a Những vấn đề chung về giáo dục hòa nhập học sinh khiếm thín  |c Bùi Thế Hợp, Nguyễn Minh Phượng, Trương Thị Tuyết  |b Tài liệu tập huấn dành cho Cán bộ quản lý và Giáo viên bậc Trung học. Tài liệu lưu hành nội bộ 
260 # # |c 2019  |a Hà Nội 
300 # # |a 115 tr.  |c 29 cm. 
500 # # |a Đầu bìa sách ghi: Bộ Giáo dục và đào tạo. Dự án phát triển giáo dục trung học phổ thông giai đoạn 2 
653 # # |a Giáo dục hòa nhập 
653 # # |a Tài liệu tập huấn 
653 # # |a Quy trình 
653 # # |a Phương pháp 
653 # # |a Học sinh 
653 # # |a Khiếm thính 
700 # # |a Nguyễn, Minh Phượng 
700 1 # |a Trương, Thị Tuyết 
852 # # |j KM.0033280  |j KM.0033281  |j KM.0033282  |j KM.0033283  |j KM.0033284  |j KM.0033285  |j KM.0033286  |j KM.0033287  |j KM.0033288  |j KD.0026360 
910 # # |f 17/10/2019 
980 # # |a Trung tâm Học liệu Lê Vũ Hùng, Trường Đại học Đồng Tháp